Statistics for KSI Quiz

Click here to take the quiz!

General Stats

  • This quiz has been taken 276 times
  • The average score is 13 of 22

Answer Stats

Hint Answer % Correct
His best friend since Year 8Miniminter
97%
Younger brother who also has a youtube channelDeji Olatunji
90%
His second boxing opponentLogan Paul
89%
His first boxing opponentJoe Weller
88%
Official group that he is in consisting of 6 of his closest friends (and him)Sidemen
86%
Place of birth (not accepting country)Watford, London
77%
Parent's country of originNigeria
75%
Team that he supports (though not strongly)Arsenal F.C
75%
Football based gamed created by EA that he based his channel on early in his youtube careerFIFA
74%
Year that he hit 1 million subscribers2012
70%
Swedish youtuber that KSI has previously had beef withPewDiePie
69%
His mother's nameYinka Olatunji
62%
Most viewed video on youtubeLamborghini ft. P Money
59%
His father's nameJide Olatunji
56%
Documentary about his boxing career released a few days before his 2nd amateur boxing fightCan't Lose
49%
He had a relationship with her until they broke up in mid 2014Seana
49%
Month and year of birthJune 1993
41%
Most viewed non-music videoCrossbar Challenge
31%
His current religious stateAgnostic
24%
Youtuber event which KSI was banned from for 'sexual harrasment' of attendeesEurogamer
20%
Nickname of his fans (no longer used)KSI Army
18%
School they met in ^Berkhamsted School
9%

Score Distribution

Percentile by Number Answered

Percent of People with Each Score

Your Score History

You have not taken this quiz